Giỏi tiếng Thái, sơ cấp 1, tập 1

Сохранить в:
Библиографические подробности
Формат:
Метки: Добавить метку
Нет меток, Требуется 1-ая метка записи!
Thư viện lưu trữ: Mạng thư viện Đại học Đà Nẵng
LEADER 00429nam a22001691a 4500
001 000036674
003 12969
005 20160412012707.0
008 160412s0 000
082 |a 4T(07)64 
245 |a Giỏi tiếng Thái, sơ cấp 1, tập 1  |c Thoprit Yotsaj 
OWN |a LNN 
999 |a From the UDN01 
TYP |a Monograph 
980 |a Mạng thư viện Đại học Đà Nẵng